| 000 | 00499nam a2200169Ia 4500 | ||
|---|---|---|---|
| 003 | GCL | ||
| 008 | 140319s9999 xx 000 0 ara d | ||
| 040 |
_aGCL / _cGCL |
||
| 082 | 0 | 4 |
_a811.9 _bع ص |
| 245 | 1 | 0 | _aصوت السنوات الضوئية |
| 300 | _a115 ص | ||
| 490 |
_aالاعمال الكاملة للشاعر عبدالوهاب البياتى _v0 |
||
| 650 | 0 | 4 | _aالشعر العربى |
| 650 | 0 | 4 | _aالعصر الحديث |
| 650 | 0 | 4 | _aدواوين وقصائد |
| 942 |
_2ddc _cBK |
||
| 999 |
_c45036 _d45036 |
||